Estudio de pre factibilidad para la creación de una empresa productora y comercializadora de jugos naturales
El presente trabajo consiste en la realización de un estudio de pre factibilidad para la creación de una empresa productora y comercializadora de jugos naturales, a base de frutas no tradicionales, sin conservantes químicos y endulzantes con sucralosa
| Main Authors: | , |
|---|---|
| Other Authors: | |
| Format: | Tesis Section = Libro |
| Language: | Undetermined Spanish |
| Published: |
Managua
UNI
2014
|
| Subjects: |
| LEADER | 01169nam a2200265Ia 4500 | ||
|---|---|---|---|
| 008 | 240830s9999 xx 000 0 und d | ||
| 040 | |a BIBLIOTECA-RUPAP Mon 658.11 U73 | ||
| 041 | |a spa | ||
| 082 | |a Mon 658.11 U73 | ||
| 100 | 1 | |a Urbina Cortez, Ana Gabriela | |
| 100 | 1 | |b Gómez Bermúdez, Sergio Noel | |
| 245 | 1 | 0 | |a Estudio de pre factibilidad para la creación de una empresa productora y comercializadora de jugos naturales |
| 260 | |a Managua |b UNI |c 2014 | ||
| 300 | |a 93 p. :il. | ||
| 500 | |a Contiene: anexos e Incluye: CD. | ||
| 502 | |a Tesis (Ingeniero de Sistemas)- UNI, 2014. | ||
| 520 | 3 | |a El presente trabajo consiste en la realización de un estudio de pre factibilidad para la creación de una empresa productora y comercializadora de jugos naturales, a base de frutas no tradicionales, sin conservantes químicos y endulzantes con sucralosa | |
| 650 | 7 | |a FUNDACION DE EMPRESAS DE NEGOCIOS | |
| 650 | 7 | |b JUGOS DE FRUTAS-COMERCIALIZACION | |
| 650 | 7 | |c ANALISIS DE MERCADO | |
| 650 | 7 | |d CONSERVAS ALIMENTICIAS INDUSTRIA Y COMERCIO | |
| 700 | 1 | |a Tutor: |b Zúñiga Morales, Gonzalo de Jesús | |
| 942 | |c BK |2 ddc | ||
| 991 | |a TESIS | ||
| 999 | |c 17008 | ||